000
00329nam a2200133Ia 4500
008
221007s9999 xx 000 0 und d
041
_a
eng
082
_b
CHA
100
_a
Chakraborty S (2K51060)
_9
102335
245
_a
Zero sales Loss
260
_c
2007
_b
Pune University
_a
Pune
520
_a
Dr. Surya Ramdas
906
_b
General
999
_c
69497
_d
69497